| 000 | 00981nam0a2200289 4500 | ||
|---|---|---|---|
| 001 | RU\NLR\BIBL_A\022789431 | ||
| 005 | 20260426080851.0 | ||
| 010 |
_a978-5-6053899-8-9 _9500 |
||
| 035 | _a(NLR Aleph) 022789431 | ||
| 090 |
_a13697290 _c13697290 |
||
| 100 | _a20260420d2026 m y0rusy50 ca | ||
| 101 | 0 | _atat | |
| 102 | _aRU | ||
| 105 | _ay z 000 y | ||
| 181 | 0 |
_ai _baxxe |
|
| 182 | 0 | _an | |
| 200 | 1 |
_aЯз сулышы _eшигырьләр _fГүзәлия Галләмова |
|
| 203 |
_aТекст _bвизуальный _cнепосредственный |
||
| 210 |
_aКазан _cЯз _d2026 |
||
| 215 |
_a95 б. _d20 |
||
| 541 | 1 |
_6z01790 _a[Дыхание весны _eстихи]. _zrus |
|
| 686 | 1 | _aШ6(2=Тат)7-5 | |
| 700 | 1 |
_aГалләмова _bГ. Х. кызы _f1960- _gГүзәлия Хәмидулла кызы _4070 |
|
| 790 | 1 |
_6z01541 _aГаллямова _bГ. Х. _gГузалия Хамидулловна _4070 |
|
| 942 | _cBOOK | ||
| 980 | _aNB | ||